[Event "Bamberg op 2nd"]
[Site "Bamberg"]
[Date "2019.05.30"]
[Round "3"]
[White "Wichmann, Adrian"]
[Black "Weishaeutel, Moritz"]
[Result "0-1"]
[WhiteElo "2060"]
[BlackElo "2252"]
[PlyCount "58"]
[EventDate "2019.05.29"]
[EventType "swiss"]
[EventRounds "7"]
[EventCountry "GER"]
[SourceTitle "CBM 190 Extra"]
[Source "ChessBase"]
[SourceDate "2019.07.15"]
[SourceVersion "1"]
[SourceVersionDate "2019.07.15"]
[SourceQuality "1"]

1. d4 Nf6 2. Bf4 d5 3. e3 c5 4. c3 Nc6 5. Nf3 Qb6 6. Qb3 c4 7. Qc2 Bf5 8. Qc1 h6 9. h3 e6 10. Nbd2 Rc8 11. Be2 Be7 12. Bd1 0-0 13. Bc2 Bxc2 14. Qxc2 a5 15. Rb1 Qa6 16. e4 b5 17. e5 Nd7 18. g4 f6 19. Qg6 Rf7 20. Qh5 fxe5 21. Bxe5 Rcf8 22. Bxg7 Rxg7 23. Qxh6 Nd8 24. Qe3 Nf7 25. 0-0 Ng5 26. Nxg5 Bxg5 27. f4 Rxf4 28. Rxf4 Qd6 29. Rbf1 Rf7 0-1

[Event "Landesliga Nord 1819"]
[Site "Bayern"]
[Date "2019.02.24"]
[Round "7.3"]
[White "Wichmann, Adrian"]
[Black "Haubold, Martin"]
[Result "0-1"]
[WhiteElo "2027"]
[BlackElo "2021"]
[PlyCount "48"]
[EventDate "2018.10.21"]
[EventType "team-tourn"]
[EventRounds "9"]
[EventCountry "GER"]
[SourceTitle "EXT 2022"]
[Source "ChessBase"]
[SourceDate "2021.10.06"]
[SourceVersion "1"]
[SourceVersionDate "2021.10.06"]
[SourceQuality "1"]
[WhiteTeam "Forchheim SC"]
[BlackTeam "Nuernberg NT II"]
[WhiteTeamCountry "GER"]
[BlackTeamCountry "GER"]

1. e4 c6 2. d4 d5 3. Nc3 dxe4 4. Nxe4 Nd7 5. Ng5 Ngf6 6. N1f3 h6 7. Nh3 g5 8. Nd2 Bg7 9. c3 e5 10. Nc4 0-0 11. dxe5 Nd5 12. Bd3 b5 13. Nd6 Nxe5 14. Nxc8 Nxd3+ 15. Qxd3 Re8+ 16. Be3 Rxc8 17. 0-0-0 Qa5 18. Kb1 b4 19. c4 Nc3+ 20. bxc3 bxc3 21. Ka1 c2+ 22. Bd4 cxd1Q+ 23. Rxd1 Bxd4+ 24. Qxd4 Re2 0-1

[Event "Landesliga Nord 1819"]
[Site "Bayern"]
[Date "2018.10.21"]
[Round "1.4"]
[White "Stoeckl, Stephan"]
[Black "Wichmann, Adrian"]
[Result "0-1"]
[WhiteElo "1994"]
[BlackElo "2027"]
[PlyCount "66"]
[EventDate "2018.10.21"]
[EventType "team-tourn"]
[EventRounds "9"]
[EventCountry "GER"]
[SourceTitle "EXT 2022"]
[Source "ChessBase"]
[SourceDate "2021.10.06"]
[SourceVersion "1"]
[SourceVersionDate "2021.10.06"]
[SourceQuality "1"]
[WhiteTeam "Schwandorf"]
[BlackTeam "Forchheim SC"]
[WhiteTeamCountry "GER"]
[BlackTeamCountry "GER"]

1. Nf3 g6 2. c4 Bg7 3. g3 e5 4. Nc3 Nc6 5. Bg2 d6 6. 0-0 Nge7 7. Rb1 a5 8. a3 0-0 9. b4 axb4 10. axb4 Nf5 11. d3 Ncd4 12. e3 Ne6 13. Bb2 c6 14. Qb3 Bd7 15. Ra1 Qc7 16. Ra2 Rxa2 17. Qxa2 Ne7 18. Nd2 f5 19. b5 Kh8 20. Ba3 Nc8 21. bxc6 bxc6 22. Qb3 f4 23. Nce4 c5 24. Bb2 Ne7 25. gxf4 exf4 26. Bxg7+ Nxg7 27. Qc3 Bc6 28. Ng5 Qd7 29. Bh3 Nef5 30. exf4 h6 31. Nge4 Qe7 32. Re1 Nd4 33. Bg2 Qh4 0-1

[Event "Bayernliga U20 1617"]
[Site "Bayern"]
[Date "2017.01.21"]
[Round "4.3"]
[White "Huber, Benedikt"]
[Black "Wichmann, Adrian"]
[Result "0-1"]
[WhiteElo "2001"]
[BlackElo "1992"]
[PlyCount "72"]
[EventDate "2016.11.12"]
[EventType "team-tourn"]
[EventRounds "7"]
[EventCountry "GER"]
[SourceTitle "EXT 2022"]
[Source "ChessBase"]
[SourceDate "2021.10.06"]
[SourceVersion "1"]
[SourceVersionDate "2021.10.06"]
[SourceQuality "1"]
[WhiteTeam "Muenchen SO SK U20"]
[BlackTeam "Forchheim SC U20"]
[WhiteTeamCountry "GER"]
[BlackTeamCountry "GER"]

1. d4 Nf6 2. Nc3 d5 3. Bf4 g6 4. e3 Bg7 5. Nf3 0-0 6. Be2 b6 7. Ne5 Bb7 8. h4 Nbd7 9. h5 c5 10. hxg6 fxg6 11. Bg4 Nxg4 12. Qxg4 Nxe5 13. dxe5 d4 14. Ne2 dxe3 15. fxe3 Qd5 16. Qh3 h5 17. Nc3 Qf7 18. 0-0-0 Bc8 19. Qf3 Bg4 20. Qb7 Bxd1 21. Rxd1 Rad8 22. Qxa7 Rxd1+ 23. Nxd1 Rd8 24. b3 g5 25. Qxb6 Qd5 26. Nc3 Qd2+ 27. Kb2 gxf4 28. Qe6+ Kh8 29. Qxe7 fxe3 30. a4 Qd4 31. Qg5 Bxe5 32. Qxh5+ Kg8 33. Qg5+ Bg7 34. Ka2 e2 35. Qe7 e1Q 36. Qxe1 Qxc3 0-1

[Event "Bayernliga U20 1617"]
[Site "Bayern"]
[Date "2016.12.10"]
[Round "3.4"]
[White "Leiss, Nicolas"]
[Black "Wichmann, Adrian"]
[Result "0-1"]
[WhiteElo "1388"]
[BlackElo "1992"]
[PlyCount "60"]
[EventDate "2016.11.12"]
[EventType "team-tourn"]
[EventRounds "7"]
[EventCountry "GER"]
[SourceTitle "EXT 2022"]
[Source "ChessBase"]
[SourceDate "2021.10.06"]
[SourceVersion "1"]
[SourceVersionDate "2021.10.06"]
[SourceQuality "1"]
[WhiteTeam "Hoechstadt SC U20"]
[BlackTeam "Forchheim SC U20"]
[WhiteTeamCountry "GER"]
[BlackTeamCountry "GER"]

1. e4 c5 2. Nf3 g6 3. Nc3 Bg7 4. d4 cxd4 5. Nxd4 Nc6 6. Be3 Nf6 7. Bc4 0-0 8. 0-0 d6 9. Re1 Ng4 10. Nxc6 bxc6 11. h3 Nxe3 12. Rxe3 e6 13. Qd2 d5 14. exd5 cxd5 15. Bb3 d4 16. Rd3 dxc3 17. bxc3 Qc7 18. Rd1 Qc6 19. c4 Bb7 20. f3 Qc5+ 21. Kh1 Bc6 22. Rd6 Be5 23. Rd3 Bc7 24. Qc3 Qg5 25. Qe1 Qf4 26. Qg1 Rad8 27. g3 Qxf3+ 28. Rxf3 Bxf3+ 29. Kh2 Rxd1 30. Qxa7 Rh1# 0-1

[Event "Landesliga Nord 1617"]
[Site "Bayern"]
[Date "2016.12.04"]
[Round "3.4"]
[White "Ulusoy, Tolga"]
[Black "Wichmann, Adrian"]
[Result "1-0"]
[WhiteElo "2085"]
[BlackElo "2004"]
[PlyCount "117"]
[EventDate "2016.10.16"]
[EventType "team-tourn"]
[EventRounds "9"]
[EventCountry "GER"]
[SourceTitle "EXT 2019"]
[Source "ChessBase"]
[SourceDate "2018.10.10"]
[SourceVersion "1"]
[SourceVersionDate "2018.10.10"]
[SourceQuality "1"]
[WhiteTeam "Nuernberg NT II"]
[BlackTeam "Forchheim II"]
[WhiteTeamCountry "GER"]
[BlackTeamCountry "GER"]

1. e4 c5 2. c3 g6 3. d4 cxd4 4. cxd4 d5 5. e5 Nc6 6. Nc3 Bg7 7. Bb5 e6 8. Nf3 Nge7 9. 0-0 0-0 10. Bg5 f6 11. exf6 Bxf6 12. Re1 Nf5 13. Bxf6 Qxf6 14. Bxc6 bxc6 15. Qd2 Bb7 16. Ne5 Rad8 17. Na4 Nd6 18. Nc5 Ne4 19. Rxe4 dxe4 20. Ned7 Qf4 21. Qe1 Rfe8 22. Rd1 Re7 23. Ne5 Rf8 24. Nxe4 c5 25. Nxc5 Bd5 26. b3 Qg5 27. Qf1 Kh8 28. Rd3 Qf5 29. Qe2 Qg5 30. f3 Qc1+ 31. Kf2 Qh6 32. Ng4 Qf4 33. Qe5+ Qxe5 34. Nxe5 Kg7 35. Ke3 Rc8 36. Kd2 Rec7 37. Kc3 Kf6 38. Re3 Ke7 39. a3 Kd6 40. b4 Rf8 41. b5 Rf4 42. g3 Rf5 43. Kb4 Rf8 44. a4 Re7 45. f4 Rb8 46. Rc3 Rc7 47. a5 Ke7 48. Re3 Bc6 49. Nxc6+ Rxc6 50. d5 Rd6 51. Nxe6 Kf6 52. Kc5 Rxd5+ 53. Kxd5 Rxb5+ 54. Nc5 Rxa5 55. g4 Ra2 56. h3 Rd2+ 57. Rd3 Re2 58. Ne4+ Kg7 59. Ra3 1-0

[Event "Bayern-chI Bank Hofmann 20th"]
[Site "Bad Wiessee"]
[Date "2016.11.04"]
[Round "7"]
[White "Heimrath, Reiner"]
[Black "Wichmann, Adrian"]
[Result "1-0"]
[WhiteElo "2179"]
[BlackElo "2011"]
[PlyCount "161"]
[EventDate "2016.10.29"]
[EventType "swiss"]
[EventRounds "9"]
[EventCountry "GER"]
[SourceTitle "EXT 2018"]
[Source "ChessBase"]
[SourceDate "2017.10.13"]
[SourceVersion "1"]
[SourceVersionDate "2017.10.13"]
[SourceQuality "1"]

1. Nf3 Nf6 2. c4 g6 3. Nc3 d5 4. Qb3 dxc4 5. Qxc4 Bg7 6. g3 0-0 7. Bg2 Nbd7 8. 0-0 Nb6 9. Qh4 Re8 10. d3 c6 11. Bh6 e5 12. Bg5 Qd6 13. Rad1 Nbd7 14. Nd2 Qf8 15. h3 h6 16. Be3 Nh7 17. Qa4 a6 18. b4 f5 19. Qb3+ Kh8 20. Nc4 f4 21. Bc1 Ng5 22. h4 Ne6 23. e3 Rb8 24. Be4 Qf6 25. Nd6 Rf8 26. Nxc8 Rbxc8 27. d4 exd4 28. exf4 Rcd8 29. Na4 b5 30. Nb2 c5 31. Qf3 c4 32. Qg4 d3 33. Bxg6 Rg8 34. Nxd3 cxd3 35. Rxd3 Bf8 36. h5 Bxb4 37. Rfd1 Ndc5 38. Rxd8 Rxd8 39. Rxd8+ Nxd8 40. Qc8 Na4 41. f5 Qe7 42. Be3 Bc5 43. f6 Qd6 44. Bf4 Qd4 45. Kh1 Qxf6 46. Qd7 Qc6+ 47. Qxc6 Nxc6 48. Bxh6 Bxf2 49. Be4 Ne7 50. Bg5 Nc5 51. Bf6+ Kg8 52. Bc2 Nd5 53. Be5 Be3 54. Kh2 Nb4 55. Bb1 Nbd3 56. Bd6 Kg7 57. Kh3 Nf2+ 58. Kh4 Bg5+ 59. Kxg5 Nfe4+ 60. Kf4 Nxd6 61. g4 Nf7 62. Bf5 Kh6 63. Bg6 Ng5 64. Ke5 Nd3+ 65. Bxd3 Nf3+ 66. Kf4 Ng5 67. Be2 Nf7 68. Kf5 Ng5 69. Ke5 Nh3 70. Kd4 Kg5 71. Kc5 Nf4 72. Bxb5 axb5 73. Kxb5 Kxg4 74. h6 Kg5 75. h7 Ng6 76. a4 Kh6 77. a5 Kxh7 78. a6 Nf4 79. a7 Nd5 80. Kc5 Nc7 81. Kc6 1-0

[Event "Bayernliga U20 1516"]
[Site "Bayern"]
[Date "2016.01.23"]
[Round "4.2"]
[White "Schilay, Lorenz"]
[Black "Wichmann, Adrian"]
[Result "0-1"]
[WhiteElo "1806"]
[BlackElo "1973"]
[PlyCount "124"]
[EventDate "2015.11.21"]
[EventType "team-tourn"]
[EventRounds "7"]
[EventCountry "GER"]
[SourceTitle "EXT 2022"]
[Source "ChessBase"]
[SourceDate "2021.10.06"]
[SourceVersion "1"]
[SourceVersionDate "2021.10.06"]
[SourceQuality "1"]
[WhiteTeam "Neumarkt U20"]
[BlackTeam "Forchheim SC U20"]
[WhiteTeamCountry "GE2"]
[BlackTeamCountry "GER"]

1. e4 c5 2. Nc3 g6 3. f4 Bg7 4. Nf3 Nc6 5. Bb5 Nd4 6. 0-0 Nxb5 7. Nxb5 a6 8. Nc3 d6 9. d3 b5 10. d4 cxd4 11. Nxd4 Bb7 12. a3 Nf6 13. e5 dxe5 14. fxe5 Nd5 15. e6 f5 16. Nxf5 Qb6+ 17. Kh1 Bxc3 18. bxc3 0-0-0 19. Ng7 Rhg8 20. Rf7 Nxc3 21. Qg1 Rd1 22. Rf1 Qxg1+ 23. Kxg1 Ne2+ 24. Kf2 Rxf1+ 25. Kxf1 Nxc1 26. Rxc1 Rxg7 27. Rd1 Bc6 28. Kg1 g5 29. Rf1 Rg6 30. Rf7 Rxe6 31. Rxh7 Re2 32. Kf1 Rxg2 33. Rxe7 Rxh2 34. Rg7 Rxc2 35. Rxg5 Rc3 36. a4 bxa4 37. Ke2 Kb7 38. Kd2 Rh3 39. Kc2 a3 40. Kb1 Rd3 41. Rg1 Bd5 42. Rc1 Kb6 43. Ka1 Kb5 44. Rb1+ Ka4 45. Rc1 Rd2 46. Re1 Bc4 47. Rc1 Kb3 48. Rb1+ Rb2 49. Rd1 Re2 50. Rb1+ Ka4 51. Rc1 Be6 52. Rf1 Ra2+ 53. Kb1 Rd2 54. Ka1 Bb3 55. Rf4+ Kb5 56. Rf1 Bd1 57. Rh1 Bc2 58. Rh5+ Kb4 59. Rh4+ Kc3 60. Rh3+ Bd3 61. Rh1 Kb3 62. Rh2 Rd1# 0-1

[Event "GER-chT U20"]
[Site "Osnabrueck"]
[Date "2015.12.30"]
[Round "7.2"]
[White "Wichmann, Adrian"]
[Black "Kololli, Martin"]
[Result "0-1"]
[WhiteElo "1966"]
[BlackElo "2169"]
[PlyCount "82"]
[EventDate "2015.12.27"]
[EventType "team-swiss"]
[EventRounds "7"]
[EventCountry "GER"]
[SourceTitle "EXT 2017"]
[Source "ChessBase"]
[SourceDate "2016.10.25"]
[SourceVersion "1"]
[SourceVersionDate "2016.10.25"]
[SourceQuality "1"]
[WhiteTeam "Forchheim"]
[BlackTeam "Luebeck"]
[WhiteTeamCountry "GER"]
[BlackTeamCountry "GER"]

1. e4 e5 2. Nf3 Nc6 3. Bc4 Nf6 4. Ng5 d5 5. exd5 Na5 6. Bb5+ c6 7. dxc6 bxc6 8. Bd3 Nd5 9. Nf3 Bd6 10. Nc3 0-0 11. 0-0 f5 12. Be2 e4 13. Nd4 Qf6 14. Nb3 Nxc3 15. bxc3 Qe5 16. g3 f4 17. d4 Qd5 18. Nxa5 Qxa5 19. Bc4+ Kh8 20. Bd2 Bh3 21. Re1 e3 22. Bxe3 Qxc3 23. Bxf4 Bxf4 24. Bd3 Bh6 25. Qh5 Bd7 26. Qh4 Rae8 27. Rf1 Bf5 28. Bxf5 Rxf5 29. Rae1 Ref8 30. Re2 Qc4 31. Rfe1 Qxa2 32. Qe4 Qf7 33. f4 Qd7 34. Qd3 R5f7 35. Re5 g6 36. c3 Bg7 37. Re6 Qd5 38. R6e4 g5 39. c4 Qf5 40. Qe3 gxf4 41. Rxf4 Bh6 0-1

[Event "Rhein Main op-A 18th"]
[Site "Bad Homburg"]
[Date "2015.06.07"]
[Round "7"]
[White "Wichmann, Adrian"]
[Black "Biegel, Thomas"]
[Result "1/2-1/2"]
[WhiteElo "1962"]
[BlackElo "2053"]
[PlyCount "59"]
[EventDate "2015.06.03"]
[EventType "swiss"]
[EventRounds "7"]
[EventCountry "GER"]
[SourceTitle "CBM 167 Extra"]
[Source "ChessBase"]
[SourceDate "2015.09.14"]
[SourceVersion "1"]
[SourceVersionDate "2015.09.14"]
[SourceQuality "1"]

1. d4 Nf6 2. Nf3 d5 3. Bf4 Nh5 4. Bg3 c5 5. c3 cxd4 6. cxd4 Qb6 7. Qd2 Nc6 8. Nc3 e6 9. e3 Be7 10. Bd3 Bd7 11. 0-0 Nxg3 12. hxg3 0-0 13. Rac1 Rac8 14. Qe2 g6 15. Nh2 Nb4 16. Bb1 Qa6 17. Qd2 Bb5 18. Nxb5 Qxb5 19. f4 Rxc1 20. Rxc1 Qd7 21. g4 Rc8 22. Rxc8+ Qxc8 23. a3 Nc6 24. Qc1 Qd7 25. g5 f6 26. gxf6 Bxf6 27. Nf3 Kg7 28. Qe1 Qd8 29. Qg3 Qb6 30. Qf2 1/2-1/2

[Event "Rhein Main op-A 18th"]
[Site "Bad Homburg"]
[Date "2015.06.04"]
[Round "2"]
[White "Gruettner, Ralf"]
[Black "Wichmann, Adrian"]
[Result "1/2-1/2"]
[WhiteElo "2094"]
[BlackElo "1962"]
[PlyCount "62"]
[EventDate "2015.06.03"]
[EventType "swiss"]
[EventRounds "7"]
[EventCountry "GER"]
[SourceTitle "CBM 167 Extra"]
[Source "ChessBase"]
[SourceDate "2015.09.14"]
[SourceVersion "1"]
[SourceVersionDate "2015.09.14"]
[SourceQuality "1"]

1. e4 c5 2. Nc3 g6 3. f4 Bg7 4. Nf3 Nc6 5. Bb5 Nd4 6. 0-0 Nxb5 7. Nxb5 a6 8. Nc3 d6 9. d3 e6 10. Qe1 Ne7 11. Bd2 b5 12. Nd1 Qb6 13. Bc3 f6 14. Kh1 b4 15. Bd2 0-0 16. Ne3 Qc7 17. Qh4 d5 18. f5 d4 19. Nc4 exf5 20. Bf4 Qa7 21. Bh6 fxe4 22. dxe4 Be6 23. Ncd2 Nc6 24. e5 Bxh6 25. Qxh6 Qg7 26. Qxg7+ Kxg7 27. exf6+ Rxf6 28. Ne4 Rf5 29. Nfg5 Bc8 30. Rxf5 Bxf5 31. Nxc5 h6 1/2-1/2

[Event "Hofheim Spring op-A 3rd"]
[Site "Hofheim"]
[Date "2015.04.11"]
[Round "9"]
[White "Rosenberger, Frank"]
[Black "Wichmann, Adrian"]
[Result "1/2-1/2"]
[WhiteElo "2059"]
[BlackElo "1957"]
[PlyCount "76"]
[EventDate "2015.04.07"]
[EventType "swiss"]
[EventRounds "9"]
[EventCountry "GER"]
[SourceTitle "EXT 2016"]
[Source "ChessBase"]
[SourceDate "2015.10.08"]
[SourceVersion "1"]
[SourceVersionDate "2015.10.08"]
[SourceQuality "1"]

1. e4 c5 2. Nf3 g6 3. d4 cxd4 4. Nxd4 Bg7 5. Nc3 Nc6 6. Be3 Nf6 7. Bc4 0-0 8. Bb3 d6 9. f3 Bd7 10. Qd2 Rc8 11. 0-0-0 Nxd4 12. Bxd4 b5 13. h4 b4 14. Nd5 Nxd5 15. Bxg7 Kxg7 16. Bxd5 Rh8 17. Qxb4 Qc7 18. Bb3 Be6 19. h5 Bxb3 20. h6+ Kf8 21. Qxb3 e6 22. Rd2 Ke7 23. Rhd1 Rhd8 24. Qa3 Qc5 25. Qxc5 Rxc5 26. g4 g5 27. c3 Rc6 28. e5 d5 29. Rd4 Rg8 30. f4 f6 31. exf6+ Kxf6 32. f5 exf5 33. Rf1 f4 34. Rxd5 Kg6 35. Rh1 Rf6 36. Kd2 f3 37. Rd7 a6 38. Rf1 Re8 1/2-1/2